Thực tập lớn sinh hóa

সংরক্ষণ করুন:
গ্রন্থ-পঞ্জীর বিবরন
প্রধান লেখক: Lâm Thị Kim Châu
বিন্যাস: গ্রন্থ
ভাষা:Undetermined
প্রকাশিত: Tp. HCM Trường Đại học Tổng hợp Tp. HCM 1995
বিষয়গুলি:
ট্যাগগুলো: ট্যাগ যুক্ত করুন
কোনো ট্যাগ নেই, প্রথমজন হিসাবে ট্যাগ করুন!
Thư viện lưu trữ: Trung tâm Học liệu Trường Đại học Cần Thơ
LEADER 00694nam a2200181Ia 4500
001 CTU_35588
008 210402s9999 xx 000 0 und d
082 |a 572 
082 |b Tr561 
100 |a Lâm Thị Kim Châu 
245 0 |a Thực tập lớn sinh hóa 
245 0 |c Lâm Thị Kim Châu, Nguyễn Thượng Lệnh, Nguyễn Thị Huyên, Nguyễn Thị Đức Trinh, Trường Đại học Tổng hợp Tp. HCM. 
260 |a Tp. HCM 
260 |b Trường Đại học Tổng hợp Tp. HCM 
260 |c 1995 
650 |a biochemistry 
904 |i Nguyễn Quang Điền, 000306 
980 |a Trung tâm Học liệu Trường Đại học Cần Thơ